| 000 | 00617cab a2200229 4500 | ||
|---|---|---|---|
| 001 | WB2609-25 | ||
| 008 | 090401t1990 xxu||||| |||| 00| 0 eng d | ||
| 035 | _a(Sirsi) u72765 | ||
| 041 | _aeng | ||
| 245 | _aViability of 50/50 offers | ||
| 260 | _c1990 | ||
| 350 | _a0 | ||
| 490 |
_aDaily Telegraph _v26/2/90 p24 |
||
| 520 | _aExamines some potential pitfalls of the shared-ownership offers being used by housebuilders to shift unsold property. | ||
| 650 | _aHOUSE SALES | ||
| 650 | _aNEW HOUSING | ||
| 650 | _aREGALIAN | ||
| 650 | _aROSEHAUGH | ||
| 690 | _aHOUSING | ||
| 942 | _n0 | ||
| 948 | _c04/03/1997 | ||
| 999 |
_c45986 _d45986 |
||